000 01346nam2a2200313 4500
001 RU\NLR\BIBL_A\022260285
005 20250806203019.0
035 _a(NLR Aleph) 022260285
090 _a51877
_c51877
100 _a20250806 rusy50
101 0 _arus
102 _aRU
135 _acrcn 024anaba
200 0 _a1941, № 23 (6475) (29 янв.)
210 _d1941
325 1 _aКопия доступна в электронной библиотеке РНБ
461 0 _1001RU\NLR\BIBL_A\012932563
_12001#$aПсковская правда$eОрган Псковского обл. и гор. ком. ВКП (б) и гор. Совета депутатов трудящихся$v1941, № 23 (6475) (29 янв.)
852 _aNLR
_jР858 [1932 - ...]
856 0 _uhttps://vivaldi.nlr.ru/pn000314765/view
856 1 _uhttps://vivaldi.nlr.ru/pn000314765/cover
856 2 _uhttps://vivaldi.nlr.ru/pn000314765/text
901 _eГазеты
942 _cISSNP
945 _aРоссийская национальная библиотека
980 _aNB
980 _aBV
981 2 7 _a(27) Периодические издания
_b(27) Газеты